| 000 | 00425nam a22001817a 4500 | ||
|---|---|---|---|
| 003 | MPLRDC | ||
| 005 | 20220104143613.0 | ||
| 008 | 210129b ||||| |||| 00| 0 eng d | ||
| 020 | _a962-428-100-9 | ||
| 082 | _a294.1 XTQ-2 | ||
| 100 | _a谢天诠 | ||
| 245 |
_a风水保平安 _c |
||
| 250 | _a初版 | ||
| 260 |
_a _b香港出版集团 _c1996 |
||
| 300 | _b平 | ||
| 650 | _a堪舆--相宅 | ||
| 942 |
_cBK _o294.1 XTQ-2 |
||
| 999 |
_c41527 _d41517 |
||